000 00690nam a2200277Ia 4500
001 Z_5411
003 CHAP
008 220113s1985 xx 000 0 und d
010 _a168481
020 _a0-407-00302-9
040 _cCHAP
082 _a636.3082 L3
100 _aLand, R.B.
_964641
245 _aGenetics of reproduction in sheep /
_cEd. by R.B. Land and D. W. Robinson
260 _aLondon :
_b Butterworths,
_c1985
300 _a427 p.
500 _aFotocopía
650 _aGanado lanar
_xGenética
_945182
650 _aGanado lanar
_xReproducción
_945220
901 _a636.3082 L3
902 _aM
910 _a1985
942 _c1
942 _cc1
999 _c168481
_d168481